| 000 | 00670nam a2200205 4500 | ||
|---|---|---|---|
| 003 | LK-CoMWRAF | ||
| 005 | 20240106124957.0 | ||
| 008 | 240106b2004 |||||||| |||| 00| 0 eng d | ||
| 020 | _a0620336285 | ||
| 040 |
_aLK-CoMWRAF _dLK-CoMWRAF _eLK-CoMWRAF |
||
| 041 | _aeng | ||
| 082 |
_a297.56 _bESA |
||
| 100 | _a Esack, Farid | ||
| 245 |
_aHIV, AIDS & Islam : _b reflections based on compassion, responsibility & justice |
||
| 260 |
_a [Cape Town]: _bPositive Muslims, _c2004 |
||
| 300 |
_a60 p. : ill. ; 21 cm _bBibliography included |
||
| 650 | _a AIDS (Disease)- Religious aspects- Islam | ||
| 650 | _aHIV infections -Treatment -Religious aspects- Islam | ||
| 942 | _cBK | ||
| 999 |
_c4594 _d4594 |
||